000 01601nam a2200241 a 4500
001 BRCA_8798
005 20190320210421.0
008 190417s1774----sp-#######---#000-0#spa-#
041 _aspa
044 _asp
084 _aBE179
_b.M37 1774
100 1 _aMartínez, Manuel Silvestre
_921602
245 1 0 _aLibrería de jueces
_butilísima, y universal...:tomo quinto...
_csu autor el Lic. D. Manuel Sylvestre Martínez...
260 _aMadrid
_bEn la Imprenta de Blas Román
_c1774
300 _a[20], 406 p. (t.5)
_c21.2 x 15 cm.
500 _aCon privilegio
500 _aDedicado al Excmo. Sr. Conde de Aranda
500 _aEstado físico: Presenta encuadernación en pergamino, con presencia del pez de plata y cantos adornados
505 0 _aContiene: En que se trata de la regia potestad del soberano, sobre las cosas y personas de todos sus vasallos seglares, y eclesiásticos regulares y seculares. Y de la espiritual y suprema de la silla apostólica. Se hace resumen y exposición de todas las leyes y autos acordados de que se compone el libro 1, de la recopilación novísima que se reimprimio, y añadió en el año de 1772. Y de las anteriores, y posteriores reales cedulas, decretos y pragmáticas aún no recopiladas, que declaran, confirman, ó derogan las antiguas disposiciones, ó dan otras nuevas, y se colocan en el lugar y títulos á que pertenecen; con que se manisfiestan las variaciones del Real Derecho, desde la primitiva recopilación del año 1567. hasta el presente de 1774
650 1 4 _aJuisprudencia
_yS. XVIII
_zEspaña
_921937
902 _aCFM
942 _2lcc
_cB
999 _c8449
_d8449